[Event "IBCA World-chT blind 9th"]
[Site "Ohrid"]
[Date "2022.07.03"]
[Round "6.3"]
[White "Dima, Mihai"]
[Black "Georgiev, Todor St"]
[Result "1/2-1/2"]
[WhiteElo "1981"]
[BlackElo "1795"]
[PlyCount "110"]
[EventDate "2022.06.28"]
[EventType "team-swiss"]
[EventRounds "9"]
[EventCountry "MKD"]
[SourceTitle "EXT 2024"]
[Source "ChessBase"]
[SourceDate "2023.10.10"]
[SourceVersion "1"]
[SourceVersionDate "2023.10.10"]
[SourceQuality "1"]
[WhiteTeam "Romania"]
[BlackTeam "Bulgaria"]
[WhiteTeamCountry "ROU"]
[BlackTeamCountry "BUL"]

1. e4 c5 2. Nf3 e6 3. c3 d5 4. e5 d4 5. cxd4 cxd4 6. Bb5+ Nc6 7. 0-0 Qd5 8. Qb3 Bc5 9. Qxd5 exd5 10. b4 Bxb4 11. Nxd4 Nge7 12. Bb2 0-0 13. Nc2 a6 14. Ba4 Ba5 15. Bb3 Bc7 16. f4 Na5 17. Kh1 Nxb3 18. axb3 Nc6 19. Nc3 d4 20. Nd5 Bd8 21. Nxd4 Nxd4 22. Bxd4 Be6 23. Nb6 Bxb6 24. Bxb6 Bxb3 25. Rfc1 Rfc8 26. Kg1 Kf8 27. Kf2 Ke7 28. Ke3 Kd7 29. g4 Bd5 30. f5 Rc6 31. Rxc6 Kxc6 32. Ba5 b6 33. Bc3 a5 34. h4 Re8 35. Bd4 Bb3 36. Kd3 Kb5 37. Rc1 a4 38. Rc7 Rd8 39. Rb7 Ba2 40. Rxb6+ Ka5 41. Rd6 Re8 42. Rd7 Kb5 43. Rb7+ Kc6 44. Ra7 Kb5 45. Bc3 Bb3 46. Ra5+ Kb6 47. Bb4 Rc8 48. e6 fxe6 49. fxe6 Bxe6 50. Rg5 g6 51. h5 gxh5 52. gxh5 Rc6 53. Ba5+ Ka6 54. Bc3 Kb7 55. Ra5 Bb3 1/2-1/2